LIBRARY & INFORMATION CENTRE, KCAET, TAVANUR

ONLINE PUBLIC ACCESS CATALOGUE (OPAC)

Wind power: A handbook on wind energy conversion system / (Record no. 6870)

MARC details
000 -LEADER
fixed length control field 00332cam a2200121ua 4500
082 ## - DEWEY DECIMAL CLASSIFICATION NUMBER
Classification number 621.45
Item number DAN/WI
100 ## - MAIN ENTRY--AUTHOR NAME
Personal name Daniel Hant, V .
245 ## - TITLE STATEMENT
Title Wind power: A handbook on wind energy conversion system /
250 ## - EDITION STATEMENT
Edition statement 1 /
260 ## - PUBLICATION, DISTRIBUTION, ETC. (IMPRINT)
Place of publication New York :
Name of publisher Van Nostrand Reinhold Company ,
Year of publication 1981.
300 ## - PHYSICAL DESCRIPTION
Number of Pages 610 ; .
942 ## - ADDED ENTRY ELEMENTS (KOHA)
Koha item type Books
Holdings
Withdrawn status Lost status Damaged status Home library Current library Date acquired Full call number Accession Number Koha item type
      KAUAET   31/03/1987 028.71621 16338 Books
free website counter